| 000 | 01201cad a22002415a 4500 | ||
|---|---|---|---|
| 001 | L137592 | ||
| 008 | 070417s2007 xxkdk f f000 0 eng d | ||
| 035 | _a(Sirsi) u137592 | ||
| 041 | 0 | _aeng | |
| 050 | 0 | 4 | _a614.76 $2 18 |
| 110 | 1 |
_aUnited Kingdom _bDepartment for Environment Food and Rural Affairs |
|
| 245 | 0 | 0 |
_aReview of exemptions from waste management licensing _ba discussion paper _h[electronic resource] |
| 260 |
_aLondon _bDefra _c2007 |
||
| 520 | _aReviews the current system with the aim of providing a more risk-based and proportionate approach to the regulation of waste disposal and recovery operations, complementing the proposed new environmental permitting and compliance regime. It is hoped that the review will facilitate engagement with stakeholders. | ||
| 590 | _aKA NTK | ||
| 650 | 2 | 4 | _aWASTE RECYCLING |
| 651 | 4 |
_aEngland and Wales _y1543- |
|
| 690 | _aENVIRONMENTAL AND LAND CONSULTANCY-WASTE MANAGEMENT | ||
| 710 | 1 |
_aUnited Kingdom _bEnvironment Agency _95159 |
|
| 710 | 1 |
_aWales _bWelsh Assembly Government |
|
| 856 | 4 | 0 |
_uhttps://www.defra.gov.uk/environment/waste/management/exemptions/index.htm _zView the item free of charge at www.defra.gov.uk... |
| 942 | _n0 | ||
| 999 |
_c106839 _d106839 |
||